Organic horticulture ; (Record no. 38831)
[ view plain ]
| 000 -LEADER | |
|---|---|
| fixed length control field | 01701nam a22003137a 4500 |
| 005 - DATE AND TIME OF LATEST TRANSACTION | |
| control field | 2010080205235.0 |
| 010 ## - LCCN (DPL NO) | |
| LC control number | ENG-97733 B-425711-714 |
| 020 ## - INTERNATIONAL STANDARD BOOK NUMBER | |
| International Standard Book Number | 9788185873619 |
| Terms of availability | 1800.00 |
| 035 ## - SYSTEM CONTROL NUMBER | |
| System control number | EN-81266 B-425711-714 |
| 037 ## - SOURCE OF ACQUISITION | |
| Source of stock number/acquisition | DBAD/PUB |
| 037 ## - SOURCE OF ACQUISITION | |
| Source of stock number/acquisition | Allied Pub/Ven |
| 082 ## - DEWEY DECIMAL CLASSIFICATION NUMBER | |
| Classification number | 635 |
| 100 ## - MAIN ENTRY--PERSONAL NAME | |
| Personal name | H. P. Singh |
| 245 ## - TITLE STATEMENT | |
| Title | Organic horticulture ; |
| Statement of responsibility, etc | by H. P. Singh [and] George V. Thomas |
| Remainder of title | principles, practices and technologies / |
| 260 ## - PUBLICATION, DISTRIBUTION, ETC. (IMPRINT) | |
| Place of publication, distribution, etc | New Delhi |
| Date of publication, distribution, etc | 2010 |
| Name of publisher, distributor, etc | Westville Pub. House |
| 270 ## - ADDRESS | |
| Address | 47, B-5, Paschim Vihar, |
| City | New Delhi |
| Postal code | 110063 |
| 300 ## - PHYSICAL DESCRIPTION | |
| Extent | xx, 420 p. |
| Dimensions | 26cm (Hb) |
| 650 ## - SUBJECT ADDED ENTRY--TOPICAL TERM | |
| Topical term or geographic name as entry element | Organic gordening |
| 650 ## - SUBJECT ADDED ENTRY--TOPICAL TERM | |
| Topical term or geographic name as entry element | Vegetable gardening |
| 700 ## - ADDED ENTRY--PERSONAL NAME | |
| 9 (RLIN) | 4162 |
| Personal name | Thomas, George V. |
| 700 ## - ADDED ENTRY--PERSONAL NAME | |
| 9 (RLIN) | 4666 |
| 942 ## - ADDED ENTRY ELEMENTS (KOHA) | |
| Source of classification or shelving scheme | Dewey Decimal Classification |
| Item type | English Books |
| Classification part | 635 |
| Call number suffix | HPS |
| Withdrawn status | Lost status | Not for loan | Collection code | Home library | Current library | Date acquired | Cost, normal purchase price | Full call number | Barcode | Copy number | Cost, replacement price | Koha item type | Source of acquisition |
|---|---|---|---|---|---|---|---|---|---|---|---|---|---|
| Non-fiction | Central Library | Central Library | 13/07/2011 | 1800.00 | 635 HPS | B-425711 | 1 | 1800.00 | English Books | Allied Pub/2871/23.3.2011/75/4.3.2011/28.3.2011 | |||
| Not For Loan | Non-fiction | D.B.Act.Division | D.B.Act.Division | 03/08/2010 | 1800.00 | 635 HPS | EN-81266 | 1 | 1800.00 | English Books | |||
| Non-fiction | Patel Nagar | Patel Nagar | 13/07/2011 | 1800.00 | 635 HPS | B-425712 | 1 | 1800.00 | English Books | Allied Pub/2871/23.3.2011/75/4.3.2011/28.3.2011 | |||
| Non-fiction | Sarojini Nagar | Sarojini Nagar | 13/07/2011 | 1800.00 | 635 HPS | B-425713 | 1 | 1800.00 | English Books | Allied Pub/2871/23.3.2011/75/4.3.2011/28.3.2011 | |||
| Non-fiction | Shahdara Branch | Shahdara Branch | 13/07/2011 | 1800.00 | 635 HPS | B-425714 | 1 | 1800.00 | English Books | Allied Pub/2871/23.3.2011/75/4.3.2011/28.3.2011 |
